000 00569nam a2200193Ia 4500
001 61403
008 170124n2016 ii |||gr||||Z||||||465
020 _a978-93-85288-92-0
082 _a915.496
100 _aBond, Ruskin,
_eAuthor.
245 0 _aHimalaya :
_badventure, meditation, life /
_cby Ruskin Bond and Namita Gokhale .
_hTextual Documents
250 _a1st ed.
260 _aNew Delhi
_bSpeaking Tiger Publishing Pvt Ltd
_c2016
300 _axviii, 444p:
_bIlls.;
_c23cm.
653 _aHistory
653 _aHimalaya
653 _aG-History
942 _2ddc
_cBK
999 _c62512
_d62512